Catálogo
 En Linea

Guía de la jurisdicción inmobiliaria : (Registro nro. 44163)

Detalles MARC
000 -CABECERA
campo de control de longitud fija 00879nam a2200157 a 4500
001 - NÚMERO DE CONTROL
campo de control 000044674
005 - FECHA Y HORA DE LA ÚLTIMA TRANSACCIÓN
campo de control 20201002045539.0
008 - DATOS DE LONGITUD FIJA--INFORMACIÓN GENERAL
campo de control de longitud fija 141216s2012 dr 000 0 spa d
040 ## - FUENTE DE LA CATALOGACIÓN
Centro catalogador/agencia de origen DO-SdBNP
Lengua de catalogación spa
Centro/agencia transcriptor BNPHU
082 ## - NÚMERO DE LA CLASIFICACIÓN DECIMAL DEWEY
Número de clasificación xxxx
Número de documento/Ítem xxxx
110 1# - ENTRADA PRINCIPAL--NOMBRE DE ENTIDAD CORPORATIVA
Nombre de entidad corporativa o nombre de jurisdicción como elemento de entrada República Dominicana
Unidad subordinada Poder Judicial
-- Jurisdicción Inmobiliaria
9 (RLIN) 72679
245 10 - MENCIÓN DE TÍTULO
Título Guía de la jurisdicción inmobiliaria :
Resto del título directorio de los tribunales, registros de títulos, mensuras, abogado del estado e información general.
260 ## - PUBLICACIÓN, DISTRIBUCIÓN, ETC.
Lugar de publicación, distribución, etc. Santo Domingo :
Nombre del editor, distribuidor, etc. Poder Judicial,
-- Dirección Nacional de Registro de Títulos,
Fecha de publicación, distribución, etc. [2012].
300 ## - DESCRIPCIÓN FÍSICA
Extensión 42 p. ;
Dimensiones 21 cm.
500 ## - NOTA GENERAL
Nota general Publicación especial auspiciada por la dirección nacional de registro de títulos de la República Dominicana, bajo la supervisión de la directora nacional, Dra. Rosabell Castillo expresamente autorizada por su autor Dr. Wilson S. Gómez Ramírez.
Existencias
Estado de retiro Estado de pérdida Restricciones de uso No para préstamo Código de colección Localización permanente Ubicación/localización actual Ubicación en estantería Fecha de adquisición Número de inventario Total de préstamos Signatura topográfica completa Código de barras Fecha visto por última vez Número de copia Precio válido a partir de Tipo de ítem Koha
        Dominicana de Servicio General General En catalogación 16.12.2014 LF1   xxxx xxxx 44674-30 25.06.2020 e. 3 25.06.2020 Libro y Folleto Colección Dominicana de Servicio
      Excluido de préstamo Patrimonio Dominicano Patrimonio Dominicano Patrimonio Dominicano En catalogación 16.12.2014 LF1   xxxx xxxx 44674-10 25.06.2020   25.06.2020 Libro y Folleto Colección Patrimonio Dominicano
      Excluido de préstamo Patrimonio Dominicano Patrimonio Dominicano Patrimonio Dominicano En catalogación 16.12.2014 LF1   xxxx xxxx 44674-20 25.06.2020 e. 2 25.06.2020 Libro y Folleto Colección Patrimonio Dominicano

Con tecnología Koha